00688nam a2200241 a 4500001001300000003000900013005001700022008004100039020002300080082001800103100001600121245003000137260002600167300001000193500003500203505001700238650002600255700001600281902000800297942000700305952011900312999001500431nice12345678IN_TiNIC20260116012933.0050524s1988 leia grp 000 0 eng  a9004837 c10000a297.0959bHOO aHooker, M B aIslam in South-East Asia. aLeiden bBrill c1988 a262p. aincludes index and biblioraphy2 abibliography aIslam-Asia-South East1 aHooker, M B bSRS cBK 001040708StackRoom-aHMIbHMId2007-07-26g100.00l0o297.0959 HOOp013989r2007-07-26v100.00w2005-05-24yBK c8967d8967